| LEADER 01174nam 2200277 a 4500 |
| 001 12334103240 |
| 003 ULIB |
| 008 030417s2550 th a sb 001 0 tha |
| 020 ^a9789741107247
|
| 060 04 ^aWO100^bพ816 2550
|
| 245 10 ^aพื้นฐานศัลยศาสตร์ /^cบรรณาธิการ จุมพล วิลาศรัศมี ... [และคนอื่น ๆ]
|
| 250 ^aพิมพ์ครั้งที่1
|
| 260 ^aกรุงเทพน :^bกรุงเทพเวชสาร,^c2550.
|
| 300 ^a712 หน้า :^bภาพประกอบ
|
| 650 7 ^aศัลยศาสตร์
|
| 650 7 ^aผู้ป่วยหนัก^xการดูแล
|
| 650 7 ^aการดูแลขั้นวิกฤต
|
| 650 7 ^aผู้ป่วยหนัก, การดูแล
|
| 700 ^aจุมพล วิลาศรัศมี,^eบรรณาธิการ
|
| 710 2 ^aมหาวิทยาลัยมหิดล.^bคณะแพทยศาสตร์โรงพยาบาลรามาธิบดี.^bภาควิชาศัลยศาสตร์
|
| 913 ^aImported by ULIBM Administrator
|
| 949 ^aImport form external file by ULIBM system
|
| 999 ^aอรทัย
|